| 000 | 01184nam a2200313 i 4500 | ||
|---|---|---|---|
| 003 | EG-GICUC | ||
| 005 | 20260228142115.0 | ||
| 008 | 260211s1978 ua d|||fr|||| 00| 0 ara d | ||
| 040 |
_a EG-GICUC _bara _c EG-GICUC _d EG-GICUC _erda |
||
| 041 | 0 | _aAra | |
| 082 | 0 | 4 |
_221 _a343.11221 _bم ع . م |
| 092 | 0 | 4 | _221 |
| 099 | _aLaw1 10 343.11221 م ع . م 1978 | ||
| 100 | 0 |
_aمعوض عبدالتواب _eمؤلف. |
|
| 245 | 1 | 2 |
_aالموسوعة الشاملة فى التموين والتسعير الجبرى وأمر الدولة / _cتأليف معوض عبدالتواب. |
| 264 | 1 |
_aالغربية : _bالمكتبة القومية الحديثة، _c1978. |
|
| 264 | 3 | _bمؤسسة سعيد للطباعة | |
| 300 |
_a566 ؛صفحة _c24 سم. |
||
| 336 |
_2rda content _atext |
||
| 337 |
_2rda media _aComputer |
||
| 338 |
_2rda carrier _aOnline Resource |
||
| 546 | _aالنص باللغة العربية | ||
| 650 | 1 |
_aالحماية الجنائية للمستهلك _2qrmak |
|
| 650 | 1 |
_aالقانون الجنائى _2qrmak |
|
| 651 | 1 | _2qrmak | |
| 856 | 4 | 0 | _uhttps://fll.law.cu.edu.eg/fulltext/bks/B10-08785.pdf |
| 905 | _a54 | ||
| 942 |
_2ddc _cBK _e21 _n0 |
||
| 999 |
_c62569 _d62569 |
||